Detalles MARC
| 000 -LIDER |
| fixed length control field |
00948nam a22002897a 4500 |
| 001 - NÚMERO DE CONTROL |
| Identificador de número de control |
00321 |
| 003 - IDENTIFICACDOR DE NÚMERO DE CONTROL |
| control field |
DO-SdBNP |
| 005 - DATE AND TIME OF LATEST TRANSACTION |
| control field |
20241028113927.0 |
| 007 - CAMPOS FIJOS DE DESCRIPCIÓN FÍSICA |
| fixed length control field |
00321 |
| 008 - ELEMENTOS DE LONGITUD FIJA |
| fixed length control field |
160509b mx 2001 || |||| 00| 0 spa d |
| 020 ## - ISBN |
| International Standard Book Number |
9684039700 |
| 040 ## - FUENTE DE CATALOGACIÓN |
| Agencia que crea de manera original el registro |
BPMSU |
| Idioma de catalogación |
spa |
| Agencia que realiza la transcripción |
BPMSU |
| 082 ## - NÚMERO DE CLASIFICACIÓN DECIMAL DE DEWEY |
| Classification number |
372.5 |
| Item number |
G216i 2001 |
| Edition number |
22 |
| 100 1# - ASIENTO PRINCIPAL -- NOMBRE PERSONAL |
| Nombre personal |
García Davids, Gretel |
| 245 10 - MENCIÓN DE TITULO |
| Título |
Inventos y reciclajes / |
| Mención de responsabilidad |
Gretel García Davids, Eduardo Torrijos Ocádiz |
| 246 14 - VARIACION DEL TÍTULO |
| Título propiamente dicho o título corto |
Inventos y reciclajes : |
| Subtítulo |
diseña tus juguetes con latas, plásticos, cartón y otros materiales |
| 260 0# - PUBLICACIÓN, DISTRIBUCIÓN, ETC. (PIE DE IMPRENTA) |
| Lugar de publicación, distribución, etc |
México : |
| Nombre del editor, distribuidor, etc. |
Selector ; |
| Fecha de publicación, distribución, etc |
2001 |
| 300 ## - DESCRIPCIÓN FÍSICA |
| Extensión |
172 p. : |
| Otros detalles físicos |
il. ; |
| Dimensiones |
20 cm. |
| 490 0# - MENCIÓN DE SERIES |
| Mención de serie |
Manualidades |
| 590 ## - NOTA LOCAL |
| Texto de la nota local |
Inventariado, 2024/VM |
| 650 #4 - ENCABEZAMIENTO DE MATERIA--TEMÁTICO |
| Término temático o nombre geográfico como elemento de entrada |
Arte infantil |
| Subdivisión temática general |
Enseñanza |
| 650 #4 - ENCABEZAMIENTO DE MATERIA--TEMÁTICO |
| Término temático o nombre geográfico como elemento de entrada |
Trabajos manuales (Educación) |
| Subdivisión temática general |
|
| -- |
|
| 700 1# - ASIENTO SECUNDARIO -- NOMBRE PERSONAL |
| Nombre personal |
Torrijos Ocádiz, Eduardo |
| Mención de responsabilidad |
autor |
| 700 12 - ASIENTO SECUNDARIO -- NOMBRE PERSONAL |
| Nombre personal |
Suárez, Francisco, |
| Mención de responsabilidad |
il. |
| 910 ## - VALIDACIÓN |
| Validación |
VMateo V. Control de calidad BPMSU |
| 942 ## - ADDED ENTRY ELEMENTS (KOHA) |
| Source of classification or shelving scheme |
Dewey Decimal Classification |
| Koha item type |
Libros |